01154nas a2200289 4500001001000000003000900010005001700019007000300036008003400039040005400073041000900127072000800136100001700144100001600161100001700177110008700194245019300281650000800474650001600482650002100498650001300519773010600532909004000638942001800678999001900696952014900715BR8707914BR-BrBNA20231205090949.0ta230509b bl.|||p| |||| 00| 00por d aBR-BrBNAbporcBiblioteca Nacional de Agricultura a(Pt) aL701 aTudury, E.A.1 aPaulo, N.M.1 aRaiser, A.G.1 aUniversidade Federal de Santa Maria, RS (Brasil). Centro de Ciencias Rurais9109301 aComparacao das abordagens dorsolateral e lateral, na regiao toracolombar, para hemilaminectomia, durotomia e fenestracao terapeutica e profilatica dos discos intervertebrais de caes sadios aCAO aRADIOGRAFIA aCOLUNA VERTEBRAL aCIRURGIA0 tRevista do Centro de Ciencias Rurais (Brazil)xISSN 0085-5901g(1986), v. 16(4) p. 367-390wBR8707914 a202311bLúciac55dLúcia Elande 2AGRISn0cANA c121918d121918 002AGRIS4071a41918b41918cPeriódicos Agrícolash(1986), v. 16(4) p. 367-390l0r2023-11-29t01yCRePortaria Interministerial nº 164/94